Energetický audit administratívnej budovy
Saved in:
| Main Author: | |
|---|---|
| Other Authors: | |
| Format: | Manuscript Book |
| Language: | Slovak |
| Published: |
2018
|
| Subjects: | |
| Online Access: | http://is.stuba.sk/zp/portal_zp.pl?podrobnosti=138224 https://opac.crzp.sk/?fn=detailBiblioForm&sid=24C5901A55BE8827364ECFD1E80C |
| Tags: |
No Tags, Be the first to tag this record!
|
MARC
| LEADER | 00000ntm a22000003a 4500 | ||
|---|---|---|---|
| 001 | stuzp68728 | ||
| 003 | SK-STU | ||
| 005 | 20230608134603.7 | ||
| 007 | ta | ||
| 008 | 150427s2015----xo-----f-mn---000-0-slo-d | ||
| 040 | |a STU |b slo | ||
| 041 | 0 | |a slo | |
| 100 | 1 | |a Nagyová, Barbora |u 010290 |4 aut |U SvF Stavebná fakulta |T SvF Katedra technických zariadení budov |X 56683 |U V290 |Y 31 |7 56683 | |
| 242 | 0 | 1 | |a Energy audit of office building |y eng |
| 245 | 1 | 0 | |a Energetický audit administratívnej budovy |
| 260 | |c 2018 | ||
| 650 | 4 | |a energetický audit |2 slo | |
| 650 | 4 | |a energetická bilancia |2 slo | |
| 650 | 4 | |a energeticky úsporné opatrenia |2 slo | |
| 650 | 4 | |a administratívna budova |2 slo | |
| 650 | 4 | |a I+X6 |2 slo | |
| 650 | 4 | |a energy audit |2 eng | |
| 650 | 4 | |a energy balance |2 eng | |
| 650 | 4 | |a energy saving measures |2 eng | |
| 650 | 4 | |a administrative building |2 eng | |
| 650 | 4 | |a I+X6 |2 eng | |
| 700 | 1 | |a Petráš, Dušan |u 010290 |k Z1 |4 ths |U SvF Stavebná fakulta |T SvF Katedra technických zariadení budov |X 749 |U V290 |Y 31 |7 A000000749 | |
| 856 | 4 | |u http://is.stuba.sk/zp/portal_zp.pl?podrobnosti=138224 | |
| 856 | 4 | |u https://opac.crzp.sk/?fn=detailBiblioForm&sid=24C5901A55BE8827364ECFD1E80C | |